000 00476nam a2200169 i 4500
001 67725
003 ES-MaACL
005 20230906170134.0
007 t|
008 040203s1969 sp ||||1| spa d
100 1 _aGalot, Jean.
_953669
245 1 0 _aCreer y darse /
_cJean Galot ; [versión por Francisco Ibiricu].
260 _aBilbao :
_bMensajero,
_c[1969]
300 _a135 p. ;
_c20 cm.
700 1 _aIbiricu, Francisco.
_964991
852 _aES-MaACL
_jC-50983
_bR.69462
999 _c67725
_d67725